000 00648nam a22002052 4500
001 0000009470
005 20151217152055.0
008 081031s xx 000 0 eng d
020 _a1853599569 :
_cKES 1960
040 _aKABU
_cKABU
245 1 2 _aA Companion to translation studies /
_cedited by Piotr Kuhiwczak and Karin Littau.
260 _aClevedon :
_bMultilingual Matters,
_c2007.
300 _aix, 181 p.
650 0 _aTranslating and interpreting.
_@0000160963
700 1 _aKuhiwczak, Piotr.
_@0000160964
700 1 _aLittau, Karin.
_@0000160965
908 _a081031
950 _@1
999 _c7912
_d7912